LEADER 01455nam a2200421 i 4500 001 991002859209707536 005 20020509104214.0 008 940513s1993 it ||| | ita 020 $a8817842877 035 $ab11072258-39ule_inst 035 $aPARLA170508$9ExL 040 $aDip.to Filosofia$bita 100 1 $aAlberoni, Rosa Giannetta$0539338 245 14$aGli esploratori del tempo :$ble concezioni della storia da Vico a Popper /$cRosa Giannetta Alberoni 260 $aMilano :$bRizzoli,$cc1993 300 $a991 p. ;$c24 cm. 600 14$aComte, Auguste 650 4$aBergson, Henri 650 4$aCroce, Benedetto 650 4$aDurckeim, Emile 650 4$aFerguson, Adam 650 4$aFREUD, Sigmund 650 4$aHEGEL, Georg. W.F. 650 4$aMarx, Karl 650 4$aPareto, Vilfredo 650 4$aPopper, Karl Raimund 650 4$aRousseau, Jean Jacques 650 4$aSPENCER, Herbert 650 4$aSpengler, Oswald 650 4$aVico, Giambattista 650 4$aWeber, Max 907 $a.b11072258$b21-09-06$c28-06-02 912 $a991002859209707536 945 $aLE005 Ist.Fil. LIV B 13$g1$i2005000020216$lle005$o-$pE0.00$q-$rl$s- $t0$u0$v0$w0$x0$y.i11201113$z28-06-02 945 $aLE005 MF 28 G 25$g1$i2005000200984$lle005$o-$pE0.00$q-$rl$s- $t0$u1$v0$w1$x0$y.i11201125$z28-06-02 996 $aEsploratori del tempo$9860451 997 $aUNISALENTO 998 $ale005$b01-01-94$cm$da $e-$fita$git $h4$i2 LEADER 03320nam 2200865Ia 450 001 9910784149403321 005 20230207225559.0 010 $a1-281-36310-3 010 $a9786611363109 010 $a0-230-60502-8 024 7 $a10.1057/9780230605022 035 $a(CKB)1000000000342427 035 $a(EBL)308032 035 $a(OCoLC)560442926 035 $a(SSID)ssj0001660017 035 $a(PQKBManifestationID)16439105 035 $a(PQKBTitleCode)TC0001660017 035 $a(PQKBWorkID)14985967 035 $a(PQKB)10510477 035 $a(SSID)ssj0000282897 035 $a(PQKBManifestationID)11273206 035 $a(PQKBTitleCode)TC0000282897 035 $a(PQKBWorkID)10323764 035 $a(PQKB)10775289 035 $a(DE-He213)978-0-230-60502-2 035 $a(MiAaPQ)EBC308032 035 $a(Au-PeEL)EBL308032 035 $a(CaPaEBR)ebr10194089 035 $a(CaONFJC)MIL136310 035 $a(EXLCZ)991000000000342427 100 $a20070103d2007 uy 0 101 0 $aeng 135 $aurnn#008mamaa 181 $ctxt 182 $cc 183 $acr 200 10$aPlays in American periodicals, 1890-1918$b[electronic resource] /$fSusan Harris Smith 205 $a1st ed. 210 $aNew York $cPalgrave Macmillan$d2007 215 $a1 online resource (245 p.) 225 1 $aPalgrave studies in theatre and performance 300 $aDescription based upon print version of record. 311 $a1-349-53771-3 311 $a1-4039-7765-8 320 $aIncludes bibliographical references and index. 327 $aCover; Contents; List of Illustrations; Preface; Acknowledgments; 1 Varieties of Dramatic Experience; 2 Cultures of Social Distance and Difference; 3 Women as American Citizens; 4 Cultural Displacement; 5 Dis/Contented Citizens; Appendix: Plays in Periodicals; Works Cited; Index 330 $aThis book examines over 125 American, English, Irish and Anglo-Indian plays by 70 dramatists which were published in 14 American general interest periodicals aimed at the middle-class reader and consumer. 410 0$aPalgrave studies in theatre and performance. 606 $aAmerican drama$y19th century$xHistory and criticism 606 $aAmerican drama$y20th century$xHistory and criticism 606 $aJournalism and literature$zUnited States$xHistory 606 $aAmerican periodicals$xHistory 606 $aLiterature and society$zUnited States$xHistory 606 $aPolitics and literature$zUnited States$xHistory 606 $aPolitics in literature 606 $aSocial problems in literature 615 0$aAmerican drama$xHistory and criticism. 615 0$aAmerican drama$xHistory and criticism. 615 0$aJournalism and literature$xHistory. 615 0$aAmerican periodicals$xHistory. 615 0$aLiterature and society$xHistory. 615 0$aPolitics and literature$xHistory. 615 0$aPolitics in literature. 615 0$aSocial problems in literature. 676 $a812.5209 676 $a812/.5209 676 $a822.809 700 $aSmith$b Susan Harris$01569018 801 0$bMiAaPQ 801 1$bMiAaPQ 801 2$bMiAaPQ 906 $aBOOK 912 $a9910784149403321 996 $aPlays in American periodicals, 1890-1918$93841581 997 $aUNINA LEADER 02284oas 2200937 a 450 001 9910154526103321 005 20260128110045.0 011 $a1607-8438 035 $a(DE-599)ZDB2030758-5 035 $a(OCoLC)49941244 035 $a(CONSER) 2003214696 035 $a(CKB)954925508351 035 $a(DE-599)2030758-5 035 $a(EXLCZ)99954925508351 100 $a20020606a19729999 sy a 101 0 $aeng 135 $aurmnu|||||||| 181 $ctxt$2rdacontent 182 $cc$2rdamedia 183 $acr$2rdacarrier 200 10$aConnective tissue research 210 $a[London] $cGordon and Breach 300 $aRefereed/Peer-reviewed 311 08$a0300-8207 531 0 $aConnect. tissue res. 606 $aConnective tissues$vPeriodicals 606 $aConnective tissues 606 $aResearch 606 $aConnective Tissue 606 $aResearch 606 $aTissu conjonctif$vPe?riodiques 606 $aTissu conjonctif 606 $aRecherche 606 $aresearch (function)$2aat 606 $aConnective Tissue$2ebps 606 $aResearch$2fast$3(OCoLC)fst01095153 606 $aConnective tissues$2fast$3(OCoLC)fst00875344 608 $aPeriodicals.$2fast 615 0$aConnective tissues 615 0$aConnective tissues. 615 0$aResearch. 615 2$aConnective Tissue. 615 2$aResearch. 615 6$aTissu conjonctif 615 6$aTissu conjonctif. 615 6$aRecherche. 615 7$aresearch (function) 615 7$aConnective Tissue. 615 7$aResearch. 615 7$aConnective tissues. 676 $a571 801 0$bF#A 801 1$bF#A 801 2$bNSD 801 2$bOCLCQ 801 2$bNSD 801 2$bOCLCQ 801 2$bUKMGB 801 2$bOCLCQ 801 2$bOCLCF 801 2$bOCLCO 801 2$bHUA 801 2$bOCLCQ 801 2$bWT2 801 2$bNLE 801 2$bDLC 801 2$bWYU 801 2$bAUD 801 2$bVT2 801 2$bOCLCQ 801 2$bSXB 801 2$bSFB 801 2$bOCLCO 801 2$bOCL 801 2$bOCLCQ 801 2$bOCLCL 801 2$bOCLCQ 906 $aJOURNAL 912 $a9910154526103321 996 $aConnective tissue research$92403201 997 $aUNINA